000 01043nam a2200325 a 4500
001 86395
003 BD-RjUL
005 20260428153249.0
008 260428s2021 nju ob 001 0 eng c
020 _a9781119608158
_q(epub)
020 _a9781119608196
_q(pdf)
020 _z9781119608141
_q(paperback)
035 _a(BD-RjUL)86395
040 _aDLC
_beng
_cDLC
_erda
_dBD-RjUL
041 _aeng
042 _apcc
082 0 0 _223
_a306.44
_bAHL 2021
100 1 _aAhearn, Laura M.,
_d1962-
_eauthor.
_918226
245 1 0 _aLiving language :
_ban introduction to linguistic anthropology /
_cLaura M. Ahearn.
250 _aThird edition.
264 1 _aHoboken, NJ :
_bJohn Wiley & Sons,
_c2021.
300 _aXXi, 378 p. :
_bill. ;
_c23 cm.
336 _atext
_btxt
_2rdacontent
337 _acomputer
_bc
_2rdamedia
338 _aonline resource
_bcr
_2rdacarrier
504 _aIncludes bibliographical references and index.
650 0 _aAnthropological linguistics.
_918227
650 0 _aLanguage and culture.
_918228
942 _2ddc
_cBK
999 _c86395
_d86395